Método de exploración del aparato locomotor y de la postura: diagnóstico a través de la terapia manual

Spremljeno u:
Bibliografski detalji
Glavni autor: Frich, Herbert (Autor)
Format: Knjiga
Jezik:španjolski
Izdano: Barcelona Paidotribo 2005
Izdanje:1a. ed
Teme:
Oznake: Dodaj oznaku
Bez oznaka, Budi prvi tko označuje ovaj zapis!

MARC

LEADER 00000nam a2200000 a 4500
001 UCK8159
003 CL-VaPUC
008 060120e20050000SP |||||||||||||||||spa|d
020 |a 848019796X 
082 0 4 |a 612.76  |b FRI  |2 21 
100 0 |a Frich, Herbert  |e author  |9 497945 
245 1 0 |a Método de exploración del aparato locomotor y de la postura: diagnóstico a través de la terapia manual 
250 |a 1a. ed 
300 |a 672 p 
942 |c BK 
945 |d 20060120 00:00:00  |a jtorresc 
260 |a Barcelona  |b Paidotribo  |c 2005 
650 0 |a Aparato locomotor (musculoesqueleto)  |9 474697 
650 0 |a Biomecánica  |9 307420 
650 0 |a Músculos  |9 269552 
650 7 |a ESQUELETO  |2 CL-VaPUC  |9 343059 
650 0 |a Anatomía humana   |9 269546 
650 0 |a Cuerpo humano  |9 257169 
583 |a last modification  |c 20060120 00:00:00  |k Rodrigo Vera 
999 |c 315940  |d 315938 
952 |0 0  |1 0  |4 0  |6 612_760000000000000_FRI_2005  |7 0  |8 A  |9 389823  |a BIBCUR  |b BIBCUR  |d 2019-11-22  |i 4201329  |o 612.76 FRI 2005  |p 4201329  |r 2025-04-22  |w 2019-11-22  |y BK  |k KIN 
952 |0 0  |1 0  |4 0  |6 612_760000000000000_FRI_2005  |7 0  |8 A  |9 389824  |a BIBCUR  |b BIBCUR  |d 2019-11-22  |i 4201337  |l 1  |o 612.76 FRI 2005  |p 4201337  |q 2024-11-22  |r 2024-10-21  |s 2024-10-21  |w 2019-11-22  |y BK  |k KIN 
952 |0 0  |1 0  |4 0  |6 612_760000000000000_FRI_2005  |7 0  |8 A  |9 389825  |a BIBCUR  |b BIBCUR  |d 2019-11-22  |i 1088106  |o 612.76 FRI 2005  |p 1088106  |r 2025-04-22  |w 2019-11-22  |y BK  |k KIN 
952 |0 0  |1 0  |4 0  |6 612_760000000000000_FRI_2005  |7 0  |8 A  |9 389826  |a BIBCUR  |b BIBCUR  |d 2019-11-22  |i 1088114  |o 612.76 FRI 2005  |p 1088114  |r 2025-04-22  |w 2019-11-22  |y BK  |k KIN